00984nam a2200265 a 450000100060000000300080000600500170001400800410003103500190007204000310009104100080012208200210013010000450015124500980019624600370029426000430033130000460037449000240042050400200044465000250046470000580048994200120054799900170055995201420057619194BD-RjUL20211209000410.0140223s1938 enkh 001 d eng d a(BD-RjUL)19252 aUkOxUbengcUkOxUdBD-RjUL aeng a822.33bSHS 19381 aShakespeare, William,d1564-1616.95905214aThe second part of the history of Henry IV /cWilliam Shakespeare ; edited by G. B. Harrison.14aSecond part of Henry the Fourth. aHarmondsworth :bPenguin Books,c1938. a144 p. :bill., frontis., port. ;c19 cm.1 aPenguin Shakespeare aIncludes index. aEnglish drama9590531 aHarrison, G. B.q(George Bagshawe),d1894-1991954116 2ddccBK c19194d19194 00102ddc40718FICaRUCLbRUCLcReadingd1956-02-18eOBE Stationaryg3.60l0o822.33 SHS 1938r2014-02-23 00:00:00tC-1w2021-12-09yBK